|
|
|
|
| LEADER |
00000nab a2200000 a 4500 |
| 001 |
vtls000428253 |
| 003 |
SK-MaSNL |
| 005 |
20260319073945.0 |
| 008 |
160215c1991 xo 0 hun |
| 015 |
|
|
|a SNBRB19rr/mm-uuuuu
|
| 035 |
|
|
|a CL0428381
|
| 040 |
|
|
|a SNKBUCL
|b slo
|c SNKBUCL
|e AACR2
|
| 041 |
0 |
|
|a slo
|
| 044 |
|
|
|a xo
|c SK
|
| 080 |
|
|
|a 82:929:885.4=945.11
|2 1981
|
| 080 |
|
|
|a 929
|2 1981
|
| 080 |
|
|
|a 885.4=945.11
|2 1981
|
| 080 |
|
|
|a 885.4
|2 1981
|
| 080 |
|
|
|a 82.035
|2 1981
|
| 080 |
|
|
|a 929 Wlachovský, Karol
|2 1981
|
| 100 |
1 |
|
|a Grendel, Lajos,
|d 1948-2018
|4 aut
|9 185584
|
| 245 |
1 |
0 |
|a A magyar irodalom nagykövete
|b Karol Wlachovský ötvenéves
|c Lajos Grendel ; György Gyökeres, Karol Wlachovský
|
| 300 |
|
|
|b Fot. 1.
|
| 600 |
1 |
7 |
|a Wlachovský, Karol,
|d 1941-
|2 snkbucl
|9 108581
|
| 600 |
1 |
7 |
|a Wlachovský, Karol,
|d 1941-
|2 snkbucl
|9 108581
|
| 655 |
|
7 |
|a články z novín a časopisov
|2 snkbucl
|9 267496
|
| 655 |
|
7 |
|a články z odboru literárna veda a krásna literatúra
|2 snkbucl
|9 770045
|
| 700 |
1 |
|
|a Gyökeres, György
|4 gup
|9 480912
|
| 773 |
0 |
|
|t Új szó
|g Roč. 44, č. 114 (17. 5. 1991), s. 5
|
| 850 |
|
|
|a Slovenská národná knižnica v Martine
|a MTA001
|
| 852 |
|
|
|a SNK
|b KIS3GCP
|
| 958 |
|
|
|a BX
|
| 958 |
|
|
|a RK
|
| 958 |
|
|
|a HU
|
| 958 |
|
|
|a LX
|
| 992 |
|
|
|a RBX
|
| 999 |
|
|
|c 1565513
|d 1567443
|